|
|
|
|
| LEADER |
00000nam a2200000 4500 |
| 001 |
vtls012066809 |
| 003 |
SK-MaSNL |
| 005 |
20260414034402.0 |
| 008 |
230501s2018 xo oab crp 000 0 hun |
| 015 |
|
|
|a SNBA2022/06
|
| 020 |
|
|
|a 9788080915179
|q (brožované)
|
| 035 |
|
|
|a urn:nbn:sk:snk-am00ifiw
|
| 035 |
|
|
|a 6CA311BC-BBC1-4452-8EBC-2535C78507B9
|
| 040 |
|
|
|a SNK
|b slo
|c SNK
|e rda
|
| 041 |
1 |
|
|a hun
|h slo
|
| 044 |
|
|
|a xo
|c SK
|
| 072 |
|
7 |
|a 93/94
|x Dejiny (všeobecne)
|2 konspekt
|
| 072 |
|
7 |
|a 37.016
|x Učebné osnovy. Vyučovacie predmety. Učebnice
|2 konspekt
|
| 080 |
|
|
|a 93/94
|2 2011
|
| 080 |
|
|
|a (075.2)
|2 2011
|
| 100 |
1 |
|
|a Mojtová-Bernátová, Kvetoslava,
|d 1954-
|4 aut
|9 42863
|
| 245 |
1 |
0 |
|a Történelem a speciális alapiskolák 7. osztálya számára
|c Kvetoslava Mojtová-Bernátová ; preklad Tihamér Lacza ; ilustrácie Pavel Čisarik
|
| 250 |
|
|
|a Harmadik kiadás
|
| 264 |
|
1 |
|a Bratislava
|b Expol pedagogika
|c 2018
|
| 300 |
|
|
|a 131 strán
|b fotografie, ilustrácie (prevažne farebné), mapy
|c 27 cm
|
| 336 |
|
|
|a text
|b txt
|2 rdacontent
|
| 336 |
|
|
|a statický obraz
|b sti
|2 rdacontent
|
| 337 |
|
|
|a bez média
|b n
|2 rdamedia
|
| 338 |
|
|
|a zväzok
|b nc
|2 rdacarrier
|
| 500 |
|
|
|a Preložené pravdepodobne zo slovenčiny
|
| 500 |
|
|
|a Tiráž aj slovenská
|
| 650 |
0 |
7 |
|a dejepis
|2 SNKPH
|9 4288
|
| 650 |
0 |
7 |
|a Special elementary school textbooks
|2 SNKPHeng
|9 340648
|
| 650 |
0 |
7 |
|a History (school subject)
|2 SNKPHeng
|9 286675
|
| 655 |
|
7 |
|a učebnice špeciálnych základných škôl
|2 SNKPH
|9 70204
|
| 700 |
1 |
|
|a Lacza, Tihamér,
|d 1948-
|4 trl
|9 100533
|
| 700 |
1 |
|
|a Čisárik, Pavel
|4 ill
|9 43302
|
| 852 |
|
|
|a Slovenská národná knižnica
|
| 919 |
|
|
|a 978-80-8091-517-9
|
| 954 |
|
|
|a odborná, vedecká literatúra pôvodná (slovenská)
|2 lita
|
| 958 |
|
|
|a OP
|
| 968 |
|
|
|a Mag
|b SLO
|
| 999 |
|
|
|c 843751
|d 845681
|
| 952 |
|
|
|a SNK
|b SNK
|y PREZ
|7 0
|p 17A1457223
|o snkSB 96976
|i snk2021/11155
|8 0
|0 0
|1 0
|4 0
|d 2021-08-26
|f 1
|l 0
|r 2025-05-19 00:00:00
|w 2026-02-24
|
| 952 |
|
|
|a SNK
|b SNK
|y VYP
|7 0
|p 17A1457224
|o snkSB 96976 D1
|i snk2021/11156
|8 0
|0 0
|1 0
|4 0
|d 2021-08-26
|l 0
|r 2026-02-24 04:18:54
|w 2026-02-24
|